Responses for Show #5406 - Monday, February 25, 2008

Contestants

[<< previous game]

Bill Needle, a play-by-play announcer from Chagrin Falls, Ohio

Beth Holliday, a legal writer from Vail, Arizona

Aileen Hawkins, a stay-at-home mom from Dana Point, California (whose 1-day cash winnings total $2,399)

[next game >>]

Jeopardy! Round responses

AMERICANA
CHICK FLICKS
5 BOTTLES OF BEER ON THE BOARD
THE LOSING TICKET
I'M BEING SENT TO KYRGYZSTAN
"O.L."
    $200 11
an apple

Bill
    $200 6
Chicken Run

Bill
    $200 24
Budweiser

Beth
    $200 20
Richard Nixon

Bill
    $200 16
(Beth: What is transient?)

nomadic

AileenBeth
    $200 1
"The Little Old Lady From Pasadena"

Aileen
    $400 12
Houston

Bill
    $400 7
Robin Hood

Aileen
    $400 25
Miller

Aileen
    $400 21
Barry Goldwater

Bill
    $400 17
Bishkek

Aileen
    $400 2
the ozone layer

Aileen
    $1,600 13
Death Valley

Bill
    $600 8
Chicken Little

Aileen
    $600 26
Coors

Aileen
    $600 22
1968

Bill
    $600 18
(Beth: What is Kazikistan?)

Kazakhstan

AileenBeth
    $600 3
oak leaf

Beth
    $800 14
midnight blue

Triple Stumper
    $800 9
Rooster Cogburn

Bill
    $800 27
Dos Equis

Aileen
    $800 23
(Bob) Dole

Beth
    $800 19
the World Trade Organization

Bill
    $800 4
Ocean Life

Aileen
    $1000 15
the Newbery

Aileen
    $1000 10
Don Knotts

Beth
    $1000 28
Samuel Adams

Beth
    $1000 29
(Adlai) Stevenson

Aileen
    $1000 30
steppes

Aileen
    $1000 5
organized labor

Triple Stumper

Scores at the first commercial break (after clue 15):

Aileen Beth Bill
$3,400 $1,600 $3,200

Scores at the end of the Jeopardy! Round:

Aileen Beth Bill
$8,400 $2,800 $5,200

Double Jeopardy! Round responses

TENORS
SONG TITLES -- NOW IN GERMAN
THROWING THE BOOK AT YOU
ENDS WITH 2 VOWELS
PIRATES
THEY MEAN BUSINESS!
    $400 2
Pavarotti

Beth
    $400 1
"9 To 5"

Bill
    $400 12
Grisham

Aileen
    $400 21
a mosque

Aileen
    $400 11
Blackbeard

Bill
    $400 26
(Bill: What is oil?)

gold

BethBill
    $800 3
La Scala

Aileen
    $800 7
"Say, Say, Say"

Beth
    $800 13
Les Misérables

Bill
    $1,000 22
gumshoe

Aileen
    $800 17
walk the plank

Beth
    $800 27
Oral-B

Triple Stumper
    $1200 4
(Enrico) Caruso

Aileen
    $1200 8
"Walk Like An Egyptian"

Aileen
    $1200 14
How Stella Got Her Groove Back

Aileen
    $1200 23
a soliloquy (or monologue)

Bill
    $1200 18
cutlass

Beth
    $400 30
3Com

Aileen
    $1600 5
(Beth: [Using hard "g"s] What is [*]? [Begins to spell her response before Alex cuts her off])

Gigli

Beth
    $1600 9
[Aileen sings her response]
(Alex: You are!)

"I'm Too Sexy"

Aileen
    $1600 15
The Old Man and the Sea

Bill
    $1600 25
jai alai

Aileen
    $1600 19
(Alex: And that man was [*]. The same one as on the rum.)

Sir Henry Morgan

Triple Stumper
    $1600 29
real estate

Aileen
    $2000 6
Tristan

Aileen
    $2000 10
"Wake Me Up Before You Go Go"

Beth
    $2000 16
Ulysses

Triple Stumper
    $2000 24
Galatea

Triple Stumper
    $2000 20
(Alex: Red-bearded? [*].)

Barbarossa

Triple Stumper
    $2000 28
News Corp(oration)

Triple Stumper

Scores at the end of the Double Jeopardy! Round:

Aileen Beth Bill
$21,800 $10,000 $9,200
(lock game)

[wagering suggestions for these scores]

Final Jeopardy! Round responses

BIBLICAL PLACE NAMES
(Alex: The witch of [*], you're right. I hope you risked a bundle now.)
BillWhat is Esther
$9,200
BethWhat is Tattooine
$8,401
AileenWhat is Endor??
$0
Endor

Final scores:

Aileen Beth Bill
$21,800 $1,599 $0
2-day champion: $24,199 2nd place: $2,000 3rd place: $1,000

Game dynamics:

Coryat scores:

Aileen Beth Bill
$22,400 $10,000 $8,200
26 R
(including 2 DDs),
0 W
12 R,
2 W
14 R
(including 1 DD),
1 W

Combined Coryat: $40,600

[game clues] [game scores] [suggest correction]

Game tape date: 2007-11-13
The J! Archive is created by fans, for fans. Scraping, republication, monetization, and malicious use prohibited; this site may use cookies and collect identifying information. See terms. The Jeopardy! game show and all elements thereof, including but not limited to copyright and trademark thereto, are the property of Jeopardy Productions, Inc. and are protected under law. This website is not affiliated with, sponsored by, or operated by Jeopardy Productions, Inc. Join the discussion at JBoard.tv.